Predaj tovarov a služieb prostredníctvom zľavových portálov

Spôsob fungovania predaja tovarov a služieb prostredníctvom zľavového portálu, najmä z pohľadu účtovania a uplatňovania daňových predpisov.

Salvato in:
Dettagli Bibliografici
Autore principale: Kolembus, Anton
Natura: Capitolo di libro
Lingua:slovacco
Soggetti:
Tags: Aggiungi Tag
Nessun Tag, puoi essere il primo ad aggiungerne!!

MARC

LEADER 00000naa a2200000 4500
001 0238892
005 20221104111122.7
041 0 |a slo 
044 |a SK 
245 1 0 |a Predaj tovarov a služieb prostredníctvom zľavových portálov  |c Anton Kolembus 
520 |a Spôsob fungovania predaja tovarov a služieb prostredníctvom zľavového portálu, najmä z pohľadu účtovania a uplatňovania daňových predpisov. 
610 2 0 |a predaj 
610 2 0 |a tovar 
610 2 0 |a služby 
610 2 0 |a zľavy obchodné 
610 2 0 |a internet 
610 2 0 |a účtovníctvo 
610 2 0 |a predpisy daňové 
610 2 0 |a nákup elektronický 
100 1 |a Kolembus, Anton